Diseases of horticultural crops: nematode problems and their management (Record no. 329221)
[ view plain ]
| 000 -LEADER | |
|---|---|
| fixed length control field | nam a22 7a 4500 |
| 001 - CONTROL NUMBER | |
| control field | 1860 |
| 003 - CONTROL NUMBER IDENTIFIER | |
| control field | ASAB |
| 005 - DATE AND TIME OF LATEST TRANSACTION | |
| control field | 20170427114414.0 |
| 008 - FIXED-LENGTH DATA ELEMENTS--GENERAL INFORMATION | |
| fixed length control field | 170427b xxu||||| |||| 00| 0 eng d |
| 020 ## - INTERNATIONAL STANDARD BOOK NUMBER | |
| International Standard Book Number | 978-81-7233-543-4 |
| 040 ## - CATALOGING SOURCE | |
| Transcribing agency | ASAB |
| 082 ## - DEWEY DECIMAL CLASSIFICATION NUMBER | |
| Classification number | 633 |
| 245 ## - TITLE STATEMENT | |
| Title | Diseases of horticultural crops: nematode problems and their management |
| Statement of responsibility, etc. | by P. parvatha reddy |
| 260 ## - PUBLICATION, DISTRIBUTION, ETC. | |
| Place of publication, distribution, etc. | Jodhpur |
| Name of publisher, distributor, etc. | Scientific Publishers ( INDIA ) |
| Date of publication, distribution, etc. | 2008. |
| 300 ## - PHYSICAL DESCRIPTION | |
| Extent | 379 p. |
| 942 ## - ADDED ENTRY ELEMENTS (KOHA) | |
| Source of classification or shelving scheme | |
| Koha item type | Book |
| Withdrawn status | Lost status | Source of classification or shelving scheme | Damaged status | Not for loan | Collection code | Permanent Location | Current Location | Date acquired | Total Checkouts | Full call number | Barcode | Date last seen | Price effective from | Koha item type |
|---|---|---|---|---|---|---|---|---|---|---|---|---|---|---|
| Central Library (CL) | Central Library (CL) | 04/27/2017 | 633 PAR | ASAB1860 | 04/27/2017 | 04/27/2017 | Book |
